| 000 | 00677nam a2200181Ia 4500 | ||
|---|---|---|---|
| 008 | 151018s9999 xx 000 0 und d | ||
| 082 |
_bRBASDV49773 _a503 |
||
| 100 | _aसुदर्शन भाटीया | ||
| 245 | _aविज्ञान प्रश्नोत्तरी | ||
| 250 | _b1 | ||
| 260 |
_b"राही प्रकाशन, गोवा " _c2009 |
||
| 300 | _a112 | ||
| 600 | _aसुदर्शन भाटीया | ||
| 630 | _aविज्ञान प्रश्नोत्तरी | ||
| 700 | _aसुदर्शन भाटीया | ||
| 730 | _aविज्ञान प्रश्नोत्तरी | ||
| 942 | _cBOOK | ||
| 999 |
_c1048773 _d1048770 |
||